Thank you, Mr. Falker / (Record no. 4401)

MARC details
000 -LEADER
fixed length control field 00929pam a2200265 a 4500
005 - DATE AND TIME OF LATEST TRANSACTION
control field 20250805143318.0
020 ## - INTERNATIONAL STANDARD BOOK NUMBER
International Standard Book Number 043909836X
040 ## - CATALOGING SOURCE
Original cataloging agency DLC
Transcribing agency DLC
Modifying agency DLC
Language of cataloging eng
050 00 - LIBRARY OF CONGRESS CALL NUMBER
Classification number PZ7.P75186
Item number 1998
082 00 - DEWEY DECIMAL CLASSIFICATION NUMBER
Classification number 813
100 1# - MAIN ENTRY--PERSONAL NAME
Personal name Polacco, Patricia
245 10 - TITLE STATEMENT
Title Thank you, Mr. Falker /
Statement of responsibility, etc. Patricia Polacco
250 ## - EDITION STATEMENT
Edition statement First scholastic printing , September 1999
260 ## - PUBLICATION, DISTRIBUTION, ETC.
Place of publication, distribution, etc. New York :
Name of publisher, distributor, etc. Scholastic ;
Date of publication, distribution, etc. 1998 .
300 ## - PHYSICAL DESCRIPTION
Extent 40 unnubered pages :
Other physical details color illustrations ;
Dimensions 29 cm.
505 ## - FORMATTED CONTENTS NOTE
Formatted contents note O <br/>
520 ## - SUMMARY, ETC.
Summary, etc. At first, Trisha loves school, but her difficulty learning to read makes her feel dumb, until, in the fifth grade, a new teacher helps her understand and overcome her problem.
521 ## - TARGET AUDIENCE NOTE
Target audience note 650 <br/>
Source Lexile AD <br/>
650 #1 - SUBJECT ADDED ENTRY--TOPICAL TERM
Topical term or geographic name entry element Reading
General subdivision Fiction.
650 #1 - SUBJECT ADDED ENTRY--TOPICAL TERM
Topical term or geographic name entry element Teachers
General subdivision Fiction.
650 #1 - SUBJECT ADDED ENTRY--TOPICAL TERM
Topical term or geographic name entry element Self-perception
General subdivision Fiction.
906 ## - LOCAL DATA ELEMENT F, LDF (RLIN)
a 7
b cbc
c orignew
d 1
e ocip
f 19
g y-gencatlg
942 ## - ADDED ENTRY ELEMENTS (KOHA)
Source of classification or shelving scheme Dewey Decimal Classification
Koha item type Books
Suppress in OPAC No
999 ## -
-- 4401
-- 4401
Holdings
Withdrawn status Lost status Source of classification or shelving scheme Damaged status Not for loan Collection Home library Current library Shelving location Date acquired Total Checkouts Full call number Barcode Date last seen Date last checked out Copy number Price effective from Koha item type
    Dewey Decimal Classification     Juvenile Fiction Footprints International School Library Network Toul Tom Poung Campus Footprints International School Library Network Toul Tom Poung Campus TTP Primary Yellow Bookshelves 08/20/2024 1 POL 813 PZ7.P75186 FISBK057086 05/09/2025 04/04/2025 1 08/20/2024 Books
    Dewey Decimal Classification     Juvenile Fiction Footprints International School Library Network Toul Tom Poung Campus Footprints International School Library Network Toul Tom Poung Campus TTP Primary Yellow Bookshelves 08/05/2025   POL 813 PZ7.P75186 FISTK02318 08/05/2025   2 08/05/2025 Books
    Dewey Decimal Classification     Juvenile Fiction Footprints International School Library Network Toul Tom Poung Campus Footprints International School Library Network Toul Tom Poung Campus TTP Primary Yellow Bookshelves 09/11/2025   POL 813 PZ7.P75186 FIS02002 09/11/2025   3 09/11/2025 Books